000 00824nam a22002897a 4500
001 000704
003 DO-SdBNP
005 20240308104334.0
007 000704
008 161115b 2011 pe a |||| 00| 0 spa d
020 _a9789870401599
040 _aBPMSU
_bspa
_cBPMSU
082 _aA863.6
_bM779n 2011
_222
100 1 _a Montes, Graciela
245 1 0 _aHabía una vez una [nube]/
_cGraciela Montes, Claudia Legnazzi.
250 _a
260 _aPerú :
_bAlfaguara Infantil,
_c2011.
300 _a[12] p. :
_bil. ;
_c17 cm.
490 0 _aPictocuentos.
500 _aPre-Lectores
590 _aInventariado, 2024/VM
650 4 _aCuentos infantiles argeninos
650 4 _a Libros ilustrados infantiles
700 1 _aLegnazzi, Claudia
910 _aVMateo V. Control de calidad. BPMSU
942 _2ddc
_cBK
999 _c11965
_d11965